Statistics for Say You Won’t Let Go *Song Lyrics*

Click here to take the quiz!

General Stats

  • This quiz has been taken 12 times
  • The average score is 10 of 33

Answer Stats

First Few LinesNext Few Lines% Correct
You made me feel as thoughI was enough
100%
I held your hair back whenYou were throwing up
100%
We danced the night awayWe drank too much
89%
I met you in the darkYou lit me up
89%
Then you smiled over your shoulderFor a minute I was stone cold sober
78%
I pulled you closer to my chestAnd you asked me to stay over
67%
I’ll bring you coffee withA kiss on your head
56%
I’ll wake you up with someBreakfast in bed
56%
I said I already told yaI think that you should get some rest
56%
And i’ll take the kids to schoolWave them goodbye
56%
I knew I needed youBut I never showed
44%
And i’ll thank my lucky starsFor that night
44%
Cause I played it coolWhen I was scared of letting go
44%
I knew I loved you thenBut you’d never know
33%
Just say you won’t let goJust say you won’t let go
33%
When you looked over your shoulderFor a minute I forget that i’m older
22%
You make me feelThis way some how
22%
I wanna dance with you right nowOh , and you look as beautiful as ever
11%
But I wanna stay with youTil we’re grey and old
11%
And I swear that everydayYou’ll get better
11%
I wanna live with youEven when we’re ghosts
0%
I’m so in love with youI hope you know
0%
Just say you won’t let goJust say you won’t let go
0%
Just say you won’t let goJust say you won’t let go
0%
I promise til death do us partLike in our vows
0%
We’ve come so far my dearLook how we’ve grown
0%
I’m gonna love you tilMy lungs give out
0%
So I wrote this song for youNow everybody knows
0%
Just say you won’t let goOh , just say you won’t let go
0%
Darling your love is worth moreThan it’s weight in gold
0%
And I wanna stay with youTil we’re grey and old
0%
Cause it’s just you and meTil we’re grey and old
0%
Cause you were always there for meWhen I needed you most
0%

Score Distribution

Percentile by Number Answered

Percent of People with Each Score

Your Score History

You have not taken this quiz